000 00313nam a22001337a 4500
008 170421b xxu||||| |||| 00| 0 eng d
020 _a9780176502300
041 _aeng
080 _a573
100 _a11
101 _aSHM
245 _aBIOLOGY EXPLORING THE DIVERSATE OF LIFE
_cWOLFE.R
942 _2udc
_cBK
999 _c11534
_d11534